| 000 | 00656nam a22002057a 4500 | ||
|---|---|---|---|
| 001 | 8118 | ||
| 003 | FISKH | ||
| 005 | 20250827110840.0 | ||
| 008 | 250827b cb ||||| |||| 00| 0 eng d | ||
| 020 | _a9781445484679 | ||
| 040 |
_aFISKH _beng _cFISKH _dFISKH |
||
| 082 | _a741.6 | ||
| 100 | _aAnonymous | ||
| 245 | _aSuper scribbles / | ||
| 260 |
_aUnited Kingdom : _bParragon Books, _c2012. |
||
| 300 |
_a68 unnumbered pages : _bcolor illustrations ; _c26 x 29 cm |
||
| 520 | _aYou're the inventor! Design your very own monsters, pirates, aliens, superheroes, dinosaurs, and robots! Make up your own adventures! | ||
| 942 |
_2ddc _cBK _n0 |
||
| 999 |
_c8118 _d8118 |
||